| 000 | 00578nam a22001937a 4500 | ||
|---|---|---|---|
| 003 | OSt | ||
| 005 | 20260212053735.0 | ||
| 008 | 260212b |||||||| |||| 00| 0 eng d | ||
| 020 | _a971-510-116-X. | ||
| 040 |
_aDWC-Main lib _cOC |
||
| 082 |
_22nd edition _aFil. 248.4 F954t 1998 |
||
| 100 | _aFuellenbach, John | ||
| 245 |
_aThrow Fire _cJohn Fuellenbach |
||
| 260 |
_aManila : _bLogos Publications, Inc., _cc1998. |
||
| 300 |
_a374 pages : _cc1998. |
||
| 504 | _aIncludes bibliographical references. | ||
| 650 | _a1. Christian life. | ||
| 942 |
_2ddc _cBK - FIL _e2nd ed. _kFil. _n0 |
||
| 999 |
_c8367 _d8367 |
||